[Event "GER-ch Youth-B"]
[Site "Willingen"]
[Date "2022.06.05"]
[Round "1"]
[White "Rotaermel, Leonie"]
[Black "Tryfon, Konstantin"]
[Result "0-1"]
[WhiteElo "1486"]
[BlackElo "1634"]
[PlyCount "128"]
[EventDate "2022.06.04"]
[EventType "swiss"]
[EventRounds "9"]
[EventCountry "GER"]
[SourceTitle "CBM 208 Extra"]
[Source "ChessBase"]
[SourceDate "2022.07.31"]
[SourceVersion "1"]
[SourceVersionDate "2022.07.31"]
[SourceQuality "1"]

1. e4 e5 2. Nf3 Nc6 3. Bc4 Bc5 4. c3 Nf6 5. d4 exd4 6. cxd4 Bb4+ 7. Bd2 Bxd2+ 8. Nbxd2 d5 9. exd5 Nxd5 10. 0-0 0-0 11. Rc1 Be6 12. a3 Nce7 13. Ne4 Bg4 14. Bxd5 Nxd5 15. h3 Bh5 16. Ng3 Bg6 17. Ne5 c6 18. Nxg6 hxg6 19. Qb3 Nb6 20. Rfd1 Re8 21. Rc3 Nd5 22. Rc2 Qc7 23. Qxd5 Qxg3 24. Qxf7+ Kxf7 25. fxg3 Rad8 26. Rf2+ Kg8 27. Kf1 Re7 28. Rf3 Red7 29. Rb3 b6 30. Rbd3 Rd5 31. Ke2 R8d7 32. b4 a5 33. bxa5 Rxa5 34. Rc3 Rd6 35. Rb3 b5 36. Rc3 Ra4 37. Rcd3 Ra7 38. Rc3 Kf7 39. Rf3+ Ke8 40. Re3+ Kd8 41. Rf3 Rad7 42. Rfd3 Kc7 43. R3d2 Kb6 44. Rd3 Rd5 45. R1d2 Ka5 46. Rd1 Ka4 47. R1d2 Re7+ 48. Kf1 Rf5+ 49. Rf2 Rd5 50. Rfd2 Rd6 51. h4 Rde6 52. Rc2 Re1+ 53. Kf2 R7e6 54. Ra2 Rb1 55. d5 Rd6 56. Rad2 c5 57. Re2 c4 58. Rd4 Rf6+ 59. Ke3 Rb3+ 60. Kd2 Rb2+ 61. Ke1 Rxe2+ 62. Kxe2 Rd6 63. Kd2 Kb3 64. g4 Kb2 0-1

[Event "Davos op 20th"]
[Site "Davos"]
[Date "2021.06.13"]
[Round "5"]
[White "Tryfon, Konstantin"]
[Black "Mattenberger, Matthias"]
[Result "0-1"]
[WhiteElo "1513"]
[BlackElo "1938"]
[PlyCount "42"]
[EventDate "2021.06.11"]
[EventType "swiss"]
[EventRounds "5"]
[EventCountry "SUI"]
[SourceTitle "CBM 203 Extra"]
[Source "ChessBase"]
[SourceDate "2021.09.30"]
[SourceVersion "1"]
[SourceVersionDate "2021.09.30"]
[SourceQuality "1"]

1. e4 c5 2. Nf3 d6 3. d4 cxd4 4. Nxd4 Nf6 5. Nc3 g6 6. f3 Bg7 7. Be3 0-0 8. Qd2 Nc6 9. 0-0-0 d5 10. Bh6 Bxh6 11. Qxh6 e5 12. exd5 Nxd4 13. f4 Ng4 14. Qh3 Nf2 15. Qe3 Nxd1 16. Kxd1 Nf5 17. Qf2 exf4 18. Qxf4 Qb6 19. g4 Ne3+ 20. Kc1 Nxg4 21. Kb1 Qe3 0-1

[Event "Davos op 20th"]
[Site "Davos"]
[Date "2021.06.12"]
[Round "3"]
[White "Tryfon, Konstantin"]
[Black "Cassens, Heiko"]
[Result "1-0"]
[WhiteElo "1513"]
[BlackElo "1751"]
[PlyCount "51"]
[EventDate "2021.06.11"]
[EventType "swiss"]
[EventRounds "5"]
[EventCountry "SUI"]
[SourceTitle "CBM 203 Extra"]
[Source "ChessBase"]
[SourceDate "2021.09.30"]
[SourceVersion "1"]
[SourceVersionDate "2021.09.30"]
[SourceQuality "1"]

1. e4 g6 2. c4 Bg7 3. d4 Nc6 4. Nf3 e5 5. dxe5 Nxe5 6. Bf4 Nxf3+ 7. gxf3 Bxb2 8. Na3 Bxa3 9. Qb3 Bc5 10. 0-0-0 d6 11. e5 Qh4 12. Bg3 Qh6+ 13. Kb1 Bf5+ 14. Kb2 0-0-0 15. exd6 Qg7+ 16. Kc1 Bxd6 17. Bd3 Ne7 18. Rhe1 Bxd3 19. Rxd3 Nf5 20. c5 Bxg3 21. c6 b6 22. Qa4 Bf4+ 23. Kb1 Rd4 24. Qxa7 Rb4+ 25. Rb3 Rxb3+ 26. axb3 1-0

[Event "Frankfurt-chB"]
[Site "Frankfurt"]
[Date "2019.04.30"]
[Round "1"]
[White "Tryfon, Konstantin"]
[Black "Grimm, Heinz Peter"]
[Result "1-0"]
[WhiteElo "1239"]
[BlackElo "1445"]
[PlyCount "67"]
[EventDate "2019.04.29"]
[EventType "swiss"]
[EventRounds "7"]
[EventCountry "GER"]
[SourceTitle "EXT 2020"]
[Source "ChessBase"]
[SourceDate "2019.10.17"]
[SourceVersion "1"]
[SourceVersionDate "2019.10.17"]
[SourceQuality "1"]

1. e4 c5 2. Nf3 Nc6 3. d4 cxd4 4. Nxd4 Nxd4 5. Qxd4 d6 6. Bc4 e5 7. Qd5 Qc7 8. Nc3 Be6 9. Bb5+ Kd8 10. Qd3 a6 11. Ba4 Bc4 12. Qd1 h6 13. Bb3 Nf6 14. Be3 b5 15. a4 b4 16. Na2 a5 17. Nc1 Nxe4 18. Qg4 d5 19. Qf3 f6 20. Bb6 Qxb6 21. Bxc4 Qd4 22. Ba2 Bc5 23. Nd3 Bb6 24. Rd1 Ke7 25. 0-0 Rac8 26. Bb3 Rhd8 27. Nf4 Qc5 28. Nxd5+ Rxd5 29. Rxd5 Ng5 30. Qd3 Qc6 31. Qb5 Qb7 32. Rfd1 Rc7 33. Rd8 Bxf2+ 34. Kxf2 1-0